Statistics for Picture Wall: US Presidents #2

Click here to take the quiz!

General Stats

  • This quiz has been taken 414 times
  • The average score is 10 of 20

Answers on the Map

Answers color-coded by a green-red scale on the quiz's map according to % correct below.
 

Answer Stats

Answer% Correct
Donald Trump
94%
George H.W. Bush
93%
Theodore Roosevelt
82%
Andrew Jackson
63%
John Adams
58%
Calvin Coolidge
52%
James Madison
45%
Andrew Johnson
43%
Grover Cleveland
43%
James Buchanan
42%
Warren Harding
42%
Chester A. Arthur
40%
Millard Fillmore
39%
Benjamin Harrison
38%
James Garfield
37%
James K. Polk
37%
James Monroe
37%
John Tyler
36%
William McKinley
36%
Zachary Taylor
35%

Score Distribution

Percentile by Number Answered

Percent of People with Each Score

Your Score History

You have not taken this quiz